000 01044nam a2200241 i 4500
001 189538
003 ES-MaACL
005 20250905133006.0
008 190607s2007 sp d |||| |dspa d
020 _a978-84-9826-245-2
111 2 _aCongreso Internacional de Nuevo Periodismo
_n(1º.
_d2006.
_cValencia)
_9167315
245 1 4 _aLos secretos del nuevo periodismo
_b: ¿está muriendo la información tradicional? /
_c[director, Fernando Jáuregui Campuzano ; coordinador, Manuel Ángel Menéndez Gijón].
260 _a[Valencia] :
_bGeneralitat Valenciana,
_c[2007]
300 _a302 p. :
_bgráf. ;
_c30 cm.
504 _aBibliografía: p. 299-302.
594 _aCongreso celebrado en Valencia entre los días 19 y 21 de octubre de 2006.
650 4 _aPeriodismo-
_vCongresos y asambleas.
_9167316
700 1 _aJáuregui, Fernando,
_d1950-
_966193
700 1 _aMenéndez, Manuel Ángel,
_d1955-
_980293
710 1 _aComunidad Valenciana.
_bGeneralidad.
_97537
852 _aES-MaACL
_jL-32435
999 _c189538
_d189538